000 00320nam a2200133Ia 4500
005 20251218185131.0
008 251218s1900||||xx |||||||||||||| ||spa||
020 _a9786034513037
082 _a179.1/B25
100 _aBarrantes, Roxana
245 0 _a Ética Ambiental y Política Pública
264 _bNanuk
942 _cLIB
999 _c119
_d119